[Event "Heart of Finland"]
[Site "Jyvaskyla FIN"]
[Date "2010.07.05"]
[Round "1"]
[White "Torkkola,Henri"]
[Black "Turova,I"]
[Result "0-1"]
[WhiteElo "1966"]
[BlackElo "2394"]

1.d4 Nf6 2.c4 e6 3.g3 Bb4+ 4.Bd2 c5 5.Bxb4 cxb4 6.Bg2 a5 7.e4 d6 8.Ne2 O-O
9.O-O e5 10.a3 Na6 11.axb4 Nxb4 12.Nbc3 b6 13.Qd2 Re8 14.Rfd1 Bd7 15.b3 Bc6
16.f3 Qe7 17.Kh1 h5 18.d5 Bb7 19.Na4 Qd8 20.Nec3 Bc8 21.Qf2 Rb8 22.Nb5 Bd7
23.Nxd6 Bxa4 24.Nxe8 Bxe8 25.h3 h4 26.Qb2 Nd7 27.Qf2 Nc5 28.Rab1 hxg3 29.Qxg3 Qf6
30.Bf1 Nc2 31.Rd2 Nb4 32.Rdd1 Bd7 33.Rd2 Ra8 34.Be2 g6 35.Rbb2 Kg7 36.Kh2 Rh8
37.Bf1 Rh4 38.Kg1 Rf4 39.Bg2 Nbd3 40.Rb1 Rh4 41.Bf1 Nf4 42.Rh2 Na6 43.Ra1 Qe7
44.Raa2 Nh5 45.Qe1 Rf4 46.Bg2 Nc5 47.Qe3 Rh4 48.Qf2 Nf4 49.Qg3 Nxb3 50.d6 Qf6
51.Qf2 Nc5 52.Rb2 Nfd3  0-1

[Event "IsBank TCh-TUR"]
[Site "Konya TUR"]
[Date "2010.07.05"]
[Round "8"]
[White "Erdogdu,M"]
[Black "Secer,A"]
[Result "1/2-1/2"]
[WhiteElo "2458"]
[BlackElo "2325"]

1.d4 Nf6 2.c4 e6 3.g3 Bb4+ 4.Bd2 Qe7 5.Bg2 Nc6 6.Nf3 O-O 7.O-O Bxd2 8.Qxd2 d6
9.Nc3 e5 10.d5 Nb8 11.e4 a5 12.b3 Na6 13.Qc2 Nc5 14.Nd2 c6 15.a3 cxd5 16.cxd5 Bd7
17.b4 axb4 18.axb4 Na6 19.Qb3 Nc7 20.b5 b6 21.Nc4 Rxa1 22.Rxa1 Rb8 23.Ra7 Nfe8
24.Qa3 Kf8 25.Bf1 Kg8 26.Bg2 Kf8 27.Bf1 Bxb5 28.Nxb5 Nxb5 29.Rxe7 Nxa3 30.Rxe8+ Kxe8
31.Nxa3 Ke7 32.Bb5 Ra8 33.Nc4 Ra1+ 34.Kg2 Rb1 35.Bc6 Rb4 36.Na3 Rxe4 37.Nb5 Re2
38.Na7 Kd8 39.Nb5 Ke7 40.Na7 Kd8 41.Nb5 Ke7  1/2-1/2

[Event "Heart of Finland"]
[Site "Jyvaskyla FIN"]
[Date "2010.07.08"]
[Round "5"]
[White "Grinberg,I"]
[Black "Turova,I"]
[Result "0-1"]
[WhiteElo "2249"]
[BlackElo "2394"]

1.d4 Nf6 2.c4 e6 3.g3 Bb4+ 4.Bd2 a5 5.Bg2 d6 6.Nc3 Nbd7 7.Qc2 e5 8.e3 Bxc3
9.Bxc3 O-O 10.Ne2 Qe7 11.O-O e4 12.b4 axb4 13.Bxb4 Re8 14.Rfc1 c5 15.Bc3 b6
16.dxc5 dxc5 17.Nf4 Bb7 18.Qb2 Ra6 19.a4 Bc6 20.Nd5 Bxd5 21.cxd5 Rea8 22.Qb3 h5
23.Rd1 Qd6 24.Qb5 Kf8 25.Qc6 Ke7 26.Bf1 R6a7 27.Bb5 g6 28.Rab1 Ne8 29.Kg2 Rb8
30.Rb2 Rc7 31.Qxd6+ Nxd6 32.Bc6 Ra7 33.Rc2 Rc8 34.Rb1 Rb8 35.f3 exf3+ 36.Kxf3 f5
37.Kf4 Ne4 38.h4 Kd6 39.Bb2 Rg8 40.Bxd7  0-1

[Event "Int ch-SVK OpenA"]
[Site "Banska Stiavnica SVK"]
[Date "2010.07.12"]
[Round "3"]
[White "Michalik,P"]
[Black "Sochorova,J"]
[Result "1/2-1/2"]
[WhiteElo "2453"]
[BlackElo "1919"]

1.d4 Nf6 2.c4 e6 3.g3 Bb4+ 4.Bd2 Qe7 5.Bg2 Nc6 6.Nf3 Bxd2+ 7.Nbxd2 d6 8.O-O a5
9.e4 e5 10.d5 Nb8 11.c5 dxc5 12.Nc4 O-O 13.Nfxe5 b5 14.d6 Qe6 15.dxc7 bxc4
16.cxb8=Q Rxb8 17.f4 Rxb2 18.Qc1 Rxg2+ 19.Kxg2 Nxe4 20.Qxc4 Qh3+ 21.Kg1 Nd2
22.Qxc5 Nxf1 23.Rxf1 Bb7 24.Nf3 Qe6 25.f5 Qd5 26.Qb6 Re8 27.f6 gxf6 28.Qxf6 Qc5+
29.Qd4 Qxd4+ 30.Nxd4 Re4 31.Rd1 Re5 32.Kf2 Kg7 33.Rb1 Bc8 34.Kf3 Be6 35.Kf4 Rc5
36.Rb2 Kf6 37.Ke4 Re5+ 38.Kd3 Rc5 39.a3 Bc4+ 40.Ke3 Be6 41.Rc2 Rxc2 42.Nxc2 Kg5
43.Nd4 Bd5 44.Ne2 h5 45.Nf4 Bc6 46.h4+ Kg4 47.Kf2 f6 48.Ne6 Bd5 49.Nd4 Be4
50.Nb3 Bd5 51.Nc5 Bc6 52.Ne6 Bd5 53.Nf4 Bc6 54.Nd3 Bd5 55.Nb2 Bb3 56.Nd3 Bd5
57.Nc5 Bc6 58.Ne6 Bd5 59.Nf4 Bc6 60.Ne2 Bd5 61.Nc3 Bf3 62.Nb5 Bc6 63.Nd6 Bd5
64.Nc8 Bc4 65.Ne7 Be6 66.Ng6 Bd5 67.Nf8 Bc6 68.Ne6 Bd5 69.Nc5 Bc6 70.Nb3 Bd5
71.Nd2 f5 72.Nf1  1/2-1/2

[Event "Lake Sevan GM"]
[Site "Martuni ARM"]
[Date "2010.07.12"]
[Round "2"]
[White "Pashikian,A"]
[Black "Lenic,L"]
[Result "1-0"]
[WhiteElo "2630"]
[BlackElo "2602"]

1.d4 Nf6 2.c4 e6 3.g3 Bb4+ 4.Bd2 Qe7 5.Bg2 Nc6 6.e3 e5 7.d5 Bxd2+ 8.Nxd2 Nb8
9.Ne2 d6 10.Nc3 a5 11.c5 dxc5 12.Nc4 Ra6 13.Qa4+ Nbd7 14.Qb5 O-O 15.Nxa5 Ne8
16.Nc4 Nd6 17.Qb3 f5 18.Nb5 Nf6 19.O-O e4 20.Rfd1 Nxb5 21.Qxb5 Rd8 22.Rac1 Rxd5
23.Qb3 Kh8 24.Bf1 Ra7 25.Nb6 cxb6 26.Rxd5 Nxd5 27.Qxd5 Be6 28.Qe5 Ra8 29.Rd1 Qf7
30.a3 Re8 31.Bb5 Rf8 32.Rd6 Bc8 33.Rxb6 Qb3 34.Qxc5 Qd1+ 35.Bf1 Rd8 36.Rb4 h6
37.Rc4 Be6 38.Rc1 Qd2 39.Qe7 Kh7 40.Rc5 Rd5 41.Rc7 Bd7 42.Qf7 Qd1 43.Rxd7 Rxd7
44.Qxf5+ g6 45.Qxe4 Qb3 46.h4 h5 47.Be2 Qxb2 48.Bxh5 Qc1+ 49.Kg2 Qc6 50.Bf3 Qxe4
51.Bxe4 b6 52.Bc6  1-0

[Event "Int ch-SVK OpenA"]
[Site "Banska Stiavnica SVK"]
[Date "2010.07.14"]
[Round "5"]
[White "Michalicka,M"]
[Black "Odnorozhenko,E"]
[Result "1/2-1/2"]
[WhiteElo "2196"]
[BlackElo "2343"]

1.d4 Nf6 2.c4 e6 3.g3 Bb4+ 4.Bd2 Qe7 5.Bg2 Nc6 6.e3 O-O 7.Ne2 Bxd2+ 8.Qxd2 a5
9.O-O d6 10.Nbc3 e5 11.Nd5 Qe8 12.Nec3 Nxd5 13.cxd5 exd4 14.dxc6 dxc3 15.cxb7 Bxb7
16.Qxc3 Bxg2 17.Kxg2 Qb8 18.Rac1 c5 19.Rfd1 Ra6 20.Rc2 Rc8 21.Kg1 h6 22.Rcd2 Rcc6
23.Rd5 Qb4 24.R1d2 Qxc3 25.bxc3 Kf8 26.e4 f6 27.f4 Rab6 28.Kf2 a4 29.Ke3 a3
30.e5 fxe5 31.fxe5 dxe5 32.Rxe5 Rb2 33.Red5 Rcb6 34.c4 Ke7 35.Rxc5 Rxd2 36.Kxd2 Rb2+
37.Kc3 Rxa2 38.Ra5 Rxh2 39.Rxa3 Rg2 40.Kd4 g5 41.c5 h5 42.Kd5 Rd2+ 43.Kc6 Ke6
44.Rc3 h4 45.gxh4 gxh4 46.Kb7 Rd7+ 47.Kc8 Rh7 48.c6 h3 49.c7 h2 50.Re3+ Kf5
51.Re1  1/2-1/2

[Event "Lake Sevan GM"]
[Site "Martuni ARM"]
[Date "2010.07.14"]
[Round "4"]
[White "Grigoryan,Av"]
[Black "Arutinian,D"]
[Result "1/2-1/2"]
[WhiteElo "2584"]
[BlackElo "2573"]

1.d4 Nf6 2.c4 e6 3.g3 Bb4+ 4.Bd2 Be7 5.Bg2 d5 6.Nf3 c6 7.Qc2 O-O 8.O-O b6
9.Rd1 Bb7 10.Bf4 Nbd7 11.Nc3 Rc8 12.Ne5 Nh5 13.Bc1 Nhf6 14.e4 dxc4 15.Nxc4 b5
16.Ne3 Qb6 17.f4 Rfd8 18.e5 Nd5 19.Qf2 f5 20.exf6 N7xf6 21.f5 c5 22.Nexd5 exd5
23.Re1 Ne4  1/2-1/2

[Event "ZDMI Open"]
[Site "Dresden GER"]
[Date "2010.07.15"]
[Round "6"]
[White "Ghaem Maghami,E"]
[Black "Hoffmann,Pau"]
[Result "1-0"]
[WhiteElo "2585"]
[BlackElo "2382"]

1.d4 Nf6 2.c4 e6 3.g3 Bb4+ 4.Bd2 Qe7 5.Bg2 e5 6.dxe5 Ng4 7.Nf3 Nc6 8.Bxb4 Qxb4+
9.Nc3 O-O 10.O-O Qxb2 11.Qb3 Qxb3 12.axb3 a6 13.Nd5 Rb8 14.Nxc7 b5 15.c5 Nb4
16.h3 Bb7 17.hxg4 Rfc8 18.Nxb5 axb5 19.Rfc1 Na6 20.Ra5 Nxc5 21.Nd4 Ne6 22.Rxc8+ Bxc8
23.Nxe6 fxe6 24.b4 Kf7 25.f4 Ke7 26.Be4 g6 27.Bd3 d6 28.Rxb5 Rxb5 29.exd6+ Kxd6
30.Bxb5 e5 31.g5 Kd5 32.e3  1-0

[Event "Open A"]
[Site "Oberwart AUT"]
[Date "2010.07.15"]
[Round "3"]
[White "Stagl,M"]
[Black "Radnetter,G"]
[Result "1-0"]
[WhiteElo "2106"]
[BlackElo "2295"]

1.d4 Nf6 2.c4 e6 3.g3 Bb4+ 4.Bd2 c5 5.Bxb4 cxb4 6.Bg2 O-O 7.Nf3 d6 8.O-O Nc6
9.a3 bxa3 10.Nxa3 e5 11.Nb5 e4 12.Nd2 a6 13.Nc3 e3 14.fxe3 Qe7 15.Nde4 Nxe4
16.Bxe4 Bh3 17.Rf4 f5 18.Nd5 Qd8 19.Bh1 Ne7 20.Qb3 Ng6 21.Rf2 Rb8 22.Qb6 Qxb6
23.Nxb6 Rfe8 24.Ra3 Ne7 25.Rf4 g5 26.Rf2 Kg7 27.Rb3 Nc6 28.Bd5 Re7 29.Bg2 Bxg2
30.Kxg2 Kg6 31.Nd5 Re4 32.Rb6 Re6 33.Rf1 a5 34.Kf2 Kf7 35.Ra1 Rh6 36.Kg2 Re6
37.Ra3 Ne7 38.Nc7 Rf6 39.Rxa5 Nc6 40.Ra3 f4 41.Nd5  1-0

[Event "1st Open"]
[Site "Vaujany FRA"]
[Date "2010.07.16"]
[Round "7"]
[White "Van Dongen,P"]
[Black "Neuhauser,S"]
[Result "1-0"]
[WhiteElo "2330"]
[BlackElo "2054"]

1.d4 Nf6 2.c4 e6 3.g3 Bb4+ 4.Bd2 Qe7 5.Bg2 Nc6 6.Nf3 Bxd2+ 7.Qxd2 Ne4 8.Qc2 Qb4+
9.Nc3 Nxc3 10.bxc3 Qxc4 11.O-O Rb8 12.e4 O-O 13.Rfb1 b6 14.Bf1 Nxd4 15.Nxd4 Qc5
16.Rb5 Qe7 17.Rd1 c5 18.Nf3 Bb7 19.Bg2 f6 20.Rbb1 d5 21.exd5 Bxd5 22.Rd2 Bc6
23.Ne1 Bxg2 24.Nxg2 Rfd8 25.Rbd1 Qe8 26.Nf4 Rxd2 27.Qxd2 a6 28.Qd7 e5 29.Ne6 Qg6
30.h4 h5 31.Kh2 Kh8 32.Qe7 Rg8 33.Rd8 Qh6 34.Rxg8+ Kxg8 35.Qe8+ Kh7 36.Nf8+ Kg8
37.Ng6+ Kh7 38.Ne7  1-0

[Event "Open"]
[Site "Antakya TUR"]
[Date "2010.07.17"]
[Round "4"]
[White "Gelashvili,T"]
[Black "Khurtsidze,N"]
[Result "1-0"]
[WhiteElo "2605"]
[BlackElo "2443"]

1.d4 Nf6 2.c4 e6 3.g3 Bb4+ 4.Bd2 Qe7 5.Bg2 O-O 6.Nc3 d6 7.a3 Bxc3 8.Bxc3 e5
9.d5 a5 10.b4 Nbd7 11.Nf3 Ne4 12.Bb2 Nb6 13.Qc2 f5 14.O-O Bd7 15.Nh4 g6 16.e3 Na4
17.Bc1 axb4 18.axb4 b5 19.f3 Nf6 20.e4 f4 21.cxb5 Bxb5 22.Re1 Nh5 23.Qf2 Nc3
24.Ra5 Ne2+ 25.Rxe2 Bxe2 26.Qxe2 fxg3 27.hxg3 Nxg3 28.Qe1 Qxh4 29.Be3 Nf5
30.Bf2 Qh6 31.exf5 gxf5 32.Qc3 Kh8 33.Qc2 Qf4 34.Qc3 Rab8 35.b5 Rg8 36.Qe3 Qc4
37.f4 Qxd5 38.Bg3 Qd1+ 39.Kh2 Qh5+ 40.Kg1 Qg4 41.Kh2 e4 42.Bh3 Qg6 43.Be1 h6
44.Bc3+ Kh7 45.b6 c5 46.Ra7+  1-0

[Event "Open"]
[Site "Antakya TUR"]
[Date "2010.07.17"]
[Round "5"]
[White "Erdogdu,M"]
[Black "Quparadze,G"]
[Result "0-1"]
[WhiteElo "2448"]
[BlackElo "2345"]

1.d4 Nf6 2.c4 e6 3.g3 Bb4+ 4.Bd2 Be7 5.Bg2 d5 6.Nf3 O-O 7.O-O c6 8.Qc2 b6
9.Rd1 Ba6 10.b3 Nbd7 11.a4 Ne4 12.Be1 f5 13.a5 Bd6 14.Nc3 Qe7 15.axb6 axb6
16.Ra2 Bb7 17.Rda1 Rxa2 18.Rxa2 Ndf6 19.e3 Bb8 20.Nd2 c5 21.dxc5 bxc5 22.Nb5 Nxd2
23.Bxd2 Ne4 24.Be1 dxc4 25.bxc4 Ng5 26.Qe2 Bxg2 27.Kxg2 Rd8 28.h4 Qb7+ 29.f3 Nf7
30.Ba5 Rd7 31.Rd2 h6 32.e4 fxe4 33.Rxd7 exf3+ 34.Qxf3 Qxf3+ 35.Kxf3 Ne5+
36.Kg2 Nxd7 37.Bd2 Kf7 38.Be3 Ke7 39.Kf3 Bd6 40.Na3 Ne5+ 41.Ke4 Ng4 42.Bg1 h5
43.Kf3 Kd7 44.Nb5 Ne5+ 45.Kf4 Bb8 46.Bf2 Ng4+ 47.Kf3 Kc6 48.Nc3 Be5 49.Ne4 Bd4
50.Bxd4 cxd4 51.Kf4 Kb6 52.Nd2 Kc5 53.Kg5 e5 54.Kxh5 Nf2 55.Kg6 e4 56.Kxg7 e3
57.Nf3 d3  0-1

[Event "Lake Sevan GM"]
[Site "Martuni ARM"]
[Date "2010.07.19"]
[Round "9"]
[White "Matlakov,M"]
[Black "Grigoryan,Av"]
[Result "1/2-1/2"]
[WhiteElo "2603"]
[BlackElo "2584"]

1.d4 Nf6 2.c4 e6 3.g3 Bb4+ 4.Bd2 Be7 5.Bg2 d5 6.Nf3 c6 7.Qc2 O-O 8.O-O b6
9.Bf4 Bb7 10.Rd1 Nbd7 11.Nc3 Rc8 12.Ne5 Nh5 13.Bc1 Nhf6 14.Bf4 Nh5 15.Bc1 f5
16.Qa4 Nxe5 17.dxe5 a6 18.Bf3 b5 19.cxb5 cxb5 20.Qb3 Qe8 21.e3 g5 22.Ne2 Ng7
23.Bd2 Rc4 24.Qd3 Qb8 25.b3 Rcc8 26.Bc3 Bc6 27.Bb2 Bd7 28.Rdc1 a5 29.Nd4 a4
30.bxa4 bxa4 31.Rxc8 Rxc8 32.Rb1 Qc7 33.Be2 Rb8 34.Ba1 g4 35.Rxb8+ Qxb8 36.Nb5 Ne8
37.Bd4 h5 38.h3 Bf8 39.hxg4 hxg4 40.Nc3 Bg7 41.Qa6 Bxe5 42.Bb5 Nc7 43.Bxe5 Nxa6
44.Bxb8 Nxb8 45.Bxa4 Bxa4 46.Nxa4 Nd7 47.Kf1 Kf7 48.Ke2 Ke7 49.f3 Kd6 50.fxg4 fxg4
51.Nb2 Nf6 52.Nd3 Ne4 53.Nf2 Nxf2 54.Kxf2 Kc5 55.Ke2 e5 56.Kd3 Kb4 57.Kc2 Kc4
58.Kd2 Kb4 59.Kc2 Ka3 60.Kb1 e4 61.Kc1 Kxa2 62.Kc2 Ka1 63.Kc1 Ka2 64.Kc2  1/2-1/2

[Event "Open A"]
[Site "Oberwart AUT"]
[Date "2010.07.19"]
[Round "7"]
[White "Schachinger,M"]
[Black "Radnetter,G"]
[Result "1/2-1/2"]
[WhiteElo "2353"]
[BlackElo "2295"]

1.d4 Nf6 2.c4 e6 3.g3 Bb4+ 4.Bd2 c5 5.Bxb4 cxb4 6.Bg2 O-O 7.e4 d6 8.Ne2 Nc6
9.a3 Qb6 10.O-O e5 11.d5 Ne7 12.Qd2 bxa3 13.Nxa3 Bg4 14.b4 Bxe2 15.Qxe2 Qxb4
16.Rfb1 Qc5 17.Rxb7 Ng6 18.Qb2 a6 19.Qb6 Nd7 20.Qxc5 Nxc5 21.Rb6 Rfd8 22.f3 Rab8
23.Rab1 Rxb6 24.Rxb6 Kf8 25.Nc2 a5 26.Na3 Ke7 27.Bh3 Nf8 28.Kf2 Nfd7 29.Rb5 a4
30.Bxd7 Rxd7 31.Ke3 Rb7 32.Kd2 g6 33.g4 f5 34.exf5 gxf5 35.h4 Kf6 36.Rxb7 Nxb7
37.Nb5 e4 38.Ke3 exf3 39.g5+ Ke5 40.h5 Nd8 41.Kxf3 Nf7 42.g6 hxg6 43.hxg6 Ng5+
44.Ke3 Kf6 45.Nxd6 Kxg6 46.Nb5 Kf6 47.c5 Ke7 48.d6+ Kd7 49.Kd4 Ne6+ 50.Kd5 Nxc5
51.Kxc5 f4 52.Kd4 a3 53.Nxa3 Kxd6 54.Ke4 f3 55.Kxf3  1/2-1/2

[Event "2nd Open"]
[Site "Rethymno GRE"]
[Date "2010.07.19"]
[Round "8"]
[White "David,Alb"]
[Black "Breier,A"]
[Result "1-0"]
[WhiteElo "2565"]
[BlackElo "2399"]

1.d4 Nf6 2.c4 e6 3.g3 Bb4+ 4.Bd2 c5 5.Bxb4 cxb4 6.Bg2 O-O 7.Nf3 Qc7 8.Nbd2 b6
9.Nf1 Bb7 10.Ne3 Be4 11.O-O Nc6 12.Qd2 Rac8 13.Rac1 a5 14.Rfd1 Qb8 15.a3 Qd6
16.d5 exd5 17.cxd5 Ne7 18.Nc4 Qxd5 19.Qe1 Qh5 20.axb4 axb4 21.Qxb4 b5 22.Nd6 Rxc1
23.Rxc1 Bc6 24.e4 Ra8 25.Qd4 Ng6 26.h3 Nf8 27.g4 Qg6 28.Nf5 Re8 29.Qd6 h5
30.Ne7+ Rxe7 31.Qxe7 hxg4 32.Ne5 Qg5 33.Rc3 Kh7 34.hxg4 Ng6 35.Rh3+ Nh4 36.f4 Qh6
37.Nxf7 Qxf4 38.Rxh4+ Kg6 39.Ne5+ Kg5 40.Rh5+  1-0

[Event "Maria Albulet Mem"]
[Site "Braila ROU"]
[Date "2010.07.20"]
[Round "8"]
[White "Dragomirescu,An"]
[Black "Partac,E"]
[Result "1-0"]
[WhiteElo "2215"]
[BlackElo "2149"]

1.d4 Nf6 2.c4 e6 3.g3 Bb4+ 4.Bd2 Qe7 5.Nf3 Nc6 6.Nc3 Bxc3 7.Bxc3 Ne4 8.Rc1 O-O
9.Bg2 d6 10.d5 Nb8 11.Bb4 a5 12.Ba3 Na6 13.Nd2 Nec5 14.O-O e5 15.b3 Bd7 16.Bb2 f5
17.Bc3 b6 18.a3 f4 19.b4 axb4 20.axb4 Na4 21.Qb3 Nxc3 22.Qxc3 Bg4 23.Ra1 Bxe2
24.Rfe1 f3 25.Nxf3 Bxf3 26.Bxf3 Qf7 27.Kg2 g5 28.Re2 h5 29.Rea2 g4 30.Be4 h4
31.Qe3 Qh5 32.Rxa6 Rae8 33.Kg1 hxg3 34.fxg3 Rf7 35.Kg2 Rf6  1-0

[Event "2nd Open"]
[Site "Rethymno GRE"]
[Date "2010.07.20"]
[Round "9"]
[White "David,Alb"]
[Black "Parligras,M"]
[Result "1/2-1/2"]
[WhiteElo "2565"]
[BlackElo "2574"]

1.d4 Nf6 2.c4 e6 3.g3 Bb4+ 4.Bd2 Be7 5.Bg2 d5 6.Nf3 O-O 7.O-O c6 8.Qc2 b6
9.Bf4 Ba6 10.b3 Nbd7 11.Rd1 Rc8 12.Nc3 Qe8 13.e4 dxc4 14.Nb1 b5 15.bxc4 bxc4
16.a4 Bb4 17.Nbd2 Qe7 18.Bg5 c3 19.Nb1 h6 20.Bxf6 Nxf6 21.Nxc3 Bxc3 22.Qxc3 Be2
23.Rdc1 Nxe4 24.Qa3 Qxa3 25.Rxa3 Bxf3 26.Bxf3 Ng5 27.Bxc6 Rfd8 28.Rc4 Ne4
29.d5 Nd6 30.Rcc3 Ne4 31.Rc4 Nd6 32.Rcc3 Ne4  1/2-1/2

[Event "21st Czech GM Open"]
[Site "Pardubice CZE"]
[Date "2010.07.24"]
[Round "2"]
[White "Batchuluun,T"]
[Black "Stocek,J"]
[Result "1-0"]
[WhiteElo "2388"]
[BlackElo "2587"]

1.d4 Nf6 2.c4 e6 3.g3 Bb4+ 4.Bd2 a5 5.Nf3 c5 6.Bg2 Nc6 7.O-O cxd4 8.Bxb4 axb4
9.Nxd4 O-O 10.a4 Na5 11.Nd2 d5 12.cxd5 Nxd5 13.N2b3 Nb6 14.Nxa5 Rxa5 15.b3 Qe7
16.Nb5 Nd5 17.Rc1 Bd7 18.Bxd5 exd5 19.Rc7 Qe8 20.Nd6 Qd8 21.Qc2 Bxa4 22.Nxb7 Bxb3
23.Nxd8 Bxc2 24.Nc6 Rb5 25.Ne7+ Kh8 26.Rxc2 g6 27.Rd1  1-0

[Event "ch-AUT"]
[Site "Vienna AUT"]
[Date "2010.07.25"]
[Round "2"]
[White "Kleiser,G"]
[Black "Fauland,A"]
[Result "1/2-1/2"]
[WhiteElo "2258"]
[BlackElo "2406"]

1.d4 Nf6 2.c4 e6 3.g3 Bb4+ 4.Bd2 a5 5.Bg2 d5 6.a3 Bxd2+ 7.Nxd2 a4 8.Ngf3 O-O
9.O-O Nc6 10.Qc2 Qe7 11.e4 dxe4 12.Nxe4 Nxe4 13.Qxe4 Na5 14.Qc2 Nb3 15.Rad1 Rd8
16.Rfe1 h6 17.Qc3 Bd7 18.Ne5 Rab8 19.d5 Bc8 20.Nd3 Qf8 21.Nf4 exd5 22.Bxd5 Bf5
23.Qe5 Bc2 24.Qxc7 Rbc8 25.Bxf7+ Kh7 26.Rxd8 Qxd8 27.Qxd8 Rxd8 28.Bd5 Rd7
29.Re8 g5 30.Ne6 Rd6 31.Re7+ Kg6 32.Rxb7 Kf6 33.Nf8 Ke5 34.Re7+ Kd4 35.Re3 Bf5
36.g4 Bc8 37.h3 Nc5 38.Rf3 Rb6 39.Rf7 Rxb2 40.Ng6 Rb3 41.Kg2 Rxa3 42.Rc7 Be6
43.Ne7 Bxd5+ 44.cxd5 Ne4 45.Rc2 Rc3 46.Re2 a3 47.Nf5+ Kxd5 48.Ne7+ Kd4 49.Nf5+ Kd5
50.Ne7+ Kd4 51.Nf5+  1/2-1/2

[Event "Najdorf Mem Open A"]
[Site "Warsaw POL"]
[Date "2010.07.25"]
[Round "9"]
[White "Berczes,D"]
[Black "Adamski,J"]
[Result "1-0"]
[WhiteElo "2551"]
[BlackElo "2287"]

1.d4 Nf6 2.c4 e6 3.g3 Bb4+ 4.Bd2 Qe7 5.Nf3 Nc6 6.Nc3 O-O 7.Bg2 Na5 8.b3 b6
9.O-O Bb7 10.Qc2 Rac8 11.a3 Bxa3 12.e4 Bb4 13.e5 Bxf3 14.Bxf3 Ne8 15.Bg2 d6
16.f4 c5 17.d5 Nc7 18.Rae1 b5 19.exd6 Qxd6 20.Ne4 Qb6 21.Ng5 g6 22.dxe6 fxe6
23.Bxb4 cxb4+ 24.c5 Qa6 25.Ra1 Nd5 26.Rfe1 Rfe8 27.Rxe6 Rxe6 28.Bxd5 Re8
29.Nxe6 Qc8  1-0

[Event "Open"]
[Site "Szombathely HUN"]
[Date "2010.07.27"]
[Round "1"]
[White "Zambo,Z"]
[Black "Jaklin,D"]
[Result "1-0"]
[WhiteElo "2400"]
[BlackElo "2021"]

1.c4 Nf6 2.g3 e6 3.d4 Bb4+ 4.Bd2 Qe7 5.Bg2 d5 6.Nc3 O-O 7.Nf3 Rd8 8.cxd5 exd5
9.O-O c5 10.Bg5 Bxc3 11.bxc3 Be6 12.Rb1 b6 13.Ne5 h6 14.Bxf6 gxf6 15.Nd3 cxd4
16.cxd4 Nc6 17.Nf4 Rd6 18.Qd2 f5 19.Rfc1 Rad8 20.h4 Na5 21.Nh5 Kh7 22.Qf4 Nc4
23.Bh3 Qf8 24.Bxf5+ Bxf5 25.Qxf5+ Kh8 26.e4 Nd2 27.Rc7 Nxb1 28.Rxf7  1-0

[Event "Tch-POR 1st Div Final"]
[Site "Vila Nova de Gaia POR"]
[Date "2010.07.30"]
[Round "5"]
[White "Hoffman,A"]
[Black "Rubio Mejia,L"]
[Result "1-0"]
[WhiteElo "2445"]
[BlackElo "2354"]

1.d4 Nf6 2.c4 e6 3.g3 Bb4+ 4.Bd2 Qe7 5.Bg2 Nc6 6.e3 e5 7.d5 Bxd2+ 8.Qxd2 Nb8
9.Nc3 d6 10.h3 O-O 11.Nge2 Ne8 12.e4 c5 13.O-O Nc7 14.f4 b5 15.f5 f6 16.h4 Ba6
17.a4 b4 18.Nb5 Ne8 19.g4 Bc8 20.g5 a6 21.Na3 bxa3 22.Rxa3 Nd7 23.Rg3 Rb8
24.b3 Kh8 25.Nc1 Rg8 26.g6 h6 27.Bf3 Rb4 28.Bd1 Qf8 29.Rf2 Qe7 30.Rh2 Rf8
31.Nd3 a5 32.Nf2 Kg8 33.Ng4 Ba6 34.Rhg2 Rb7 35.Qxa5 Nb8 36.Qd2 Qd8 37.h5 Qb6
38.Nxh6+ gxh6 39.Qxh6 Qc7 40.Qd2 Ng7 41.h6 Rd8 42.hxg7 Qxg7 43.Rh2 Rdd7 44.Rgh3  1-0

[Event "19th Open"]
[Site "Kavala GRE"]
[Date "2010.08.02"]
[Round "4"]
[White "David,Alb"]
[Black "Paichadze,L"]
[Result "1/2-1/2"]
[WhiteElo "2622"]
[BlackElo "2467"]

1.d4 Nf6 2.c4 e6 3.g3 Bb4+ 4.Bd2 Qe7 5.Nf3 Nc6 6.Nc3 Bxc3 7.Bxc3 Ne4 8.Rc1 Nxc3
9.Rxc3 O-O 10.Bg2 d6 11.d5 Nd8 12.O-O c5 13.dxc6 bxc6 14.Rd3 d5 15.Nd2 Nb7
16.Qc2 Nd6 17.Qa4 Rb8 18.b3 Bd7 19.Rd1 Nb7 20.Qxa7 Nc5 21.Re3 Ra8 22.Qc7 d4
23.Re5 f6 24.Rxc5 Rfc8 25.Rxc6 Rxc7 26.Rxc7 Rxa2 27.Bc6 Qd6 28.Rxd7 Qxc6
29.Rxd4 h5 30.h4 Kh7 31.Rd3 Qb6 32.Kf1 Qb7 33.Kg1 Qb4 34.Kf1 Rb2 35.Rd7 Kh6
36.Rd3 e5 37.Kg1 Qb7 38.Rd5 Qb6 39.Kf1 Qb4 40.Rd3 Kg6 41.Kg1 Kh6 42.Kf1 Kg6  1/2-1/2

[Event "Negroponte Open"]
[Site "Chalkis GRE"]
[Date "2010.08.10"]
[Round "2"]
[White "David,Alb"]
[Black "Galopoulos,N"]
[Result "1-0"]
[WhiteElo "2622"]
[BlackElo "2295"]

1.d4 Nf6 2.c4 e6 3.g3 Bb4+ 4.Bd2 c5 5.Bxb4 cxb4 6.Bg2 O-O 7.Nf3 d6 8.a3 bxa3
9.Nxa3 Nc6 10.O-O e5 11.Nb5 Bg4 12.h3 Bh5 13.d5 Nb4 14.Rxa7 Rxa7 15.Nxa7 Qc7
16.b3 Qc5 17.Nb5 Ne4 18.g4 Bg6 19.Nh4 Ng3 20.Nxg6 fxg6 21.Nxd6 Nxf1 22.Ne4 Qa5
23.Bxf1 Rd8 24.Qd2 b5 25.Qc3 bxc4 26.bxc4  1-0

[Event "Open"]
[Site "Minsk BLR"]
[Date "2010.08.11"]
[Round "8"]
[White "Cherepov,A"]
[Black "Lomako,P"]
[Result "1/2-1/2"]
[WhiteElo "2238"]
[BlackElo "2431"]

1.d4 Nf6 2.c4 e6 3.g3 Bb4+ 4.Bd2 Qe7 5.Bg2 Nc6 6.Nf3 Bxd2+ 7.Nbxd2 d6 8.O-O a5
9.e4 e5 10.d5 Nb8 11.Ne1 O-O 12.Nd3 Na6 13.Qc2 c6 14.a3 cxd5 15.cxd5 Bd7
16.Qb3 b5 17.Rac1 Rac8 18.Rxc8 Rxc8 19.Rc1 Rxc1+ 20.Nxc1 Qd8 21.Qc3 b4 22.Qd3 Nc5
23.Qc4 bxa3 24.bxa3 Qb6 25.Qc3 a4 26.Qb4 Qc7 27.Qc3 Bb5 28.Bf1 Bxf1 29.Kxf1 Qb7
30.f3 Qb5+ 31.Kf2 h5 32.Kg2 Kh7 33.Qb4 Qa6 34.Qc4  1/2-1/2

[Event "Negroponte Open"]
[Site "Chalkis GRE"]
[Date "2010.08.14"]
[Round "6"]
[White "Harika,D"]
[Black "Parligras,M"]
[Result "1/2-1/2"]
[WhiteElo "2504"]
[BlackElo "2574"]

1.d4 Nf6 2.c4 e6 3.g3 Bb4+ 4.Bd2 Be7 5.Bg2 d5 6.Nf3 O-O 7.O-O c6 8.Qc2 b6
9.Rd1 Ba6 10.b3 Nbd7 11.a4 c5 12.Na3 Bb7 13.Qb2 Ne4 14.Be1 Bf6 15.e3 Qb8
16.Rac1 Rc8 17.Qb1 Bc6 18.cxd5 exd5 19.Nb5 Qb7 20.Nd2 Nxd2 21.Bxd2 Rd8 22.e4 Bxd4
23.Nd6 Qc7 24.exd5 Ne5 25.Bf4 Qxd6 26.dxc6 Rac8 27.Qe4  1/2-1/2

[Event "7th CHN-RUS w Rapid"]
[Site "Ningbo CHN"]
[Date "2010.08.14"]
[Round "19"]
[White "Ju Wenjun"]
[Black "Bodnaruk,A"]
[Result "1-0"]
[WhiteElo "2496"]
[BlackElo "2397"]

1.d4 Nf6 2.c4 e6 3.g3 Bb4+ 4.Bd2 Qe7 5.Bg2 Nc6 6.Nf3 Bxd2+ 7.Nbxd2 d6 8.O-O a5
9.e4 e5 10.d5 Nb8 11.Ne1 h5 12.f4 g6 13.Nd3 b6 14.Qf3 Nbd7 15.b3 Kf8 16.Bh3 Kg7
17.Rf2 h4 18.Bg2 h3 19.Bh1 Nf8 20.fxe5 dxe5 21.Raf1 N8h7 22.c5 bxc5 23.Nc4 Ra6
24.Ndxe5 Ng5 25.Qe3 Rh5 26.Qc3 Kg8 27.Nxg6 fxg6 28.Rxf6 Rxf6 29.Rxf6 Kh7
30.e5 Bf5 31.Qe3 Nf7 32.Bf3 Rh6 33.Rc6 g5 34.Qxc5 Qe8 35.Rxc7 g4 36.Be2 Kg6
37.e6 Ng5 38.Ne5+ Kh5 39.Qc4 Ne4 40.Bxg4+ Kg5 41.Nf7+ Kxg4 42.Nxh6+ Kg5 43.Nxf5 Kxf5
44.Rf7+ Ke5 45.Rf4 Ng5 46.Qc7+ Kxd5 47.Rf5+  1-0

[Event "85th ch-FRA"]
[Site "Belfort FRA"]
[Date "2010.08.19"]
[Round "10"]
[White "Cornette,M"]
[Black "Charnushevich,A"]
[Result "1/2-1/2"]
[WhiteElo "2543"]
[BlackElo "2497"]

1.d4 Nf6 2.c4 e6 3.g3 Bb4+ 4.Bd2 Bxd2+ 5.Qxd2 d5 6.Nf3 c6 7.Bg2 b6 8.Ne5 Bb7
9.O-O Nbd7 10.Rc1 O-O 11.cxd5 cxd5 12.Nd3 Qe7 13.Rc7 Rfb8 14.Na3 Ne8 15.Rc2 Rc8
16.Rac1 Qd8 17.h4  1/2-1/2

[Event "6th Geller Memorial Open A"]
[Site "Odessa UKR"]
[Date "2010.08.22"]
[Round "2"]
[White "Tihonov,G"]
[Black "Sshedrin,I"]
[Result "0-1"]
[WhiteElo "1956"]
[BlackElo "2160"]

1.d4 Nf6 2.c4 e6 3.g3 Bb4+ 4.Bd2 Qe7 5.Bg2 Nc6 6.e3 O-O 7.Ne2 e5 8.O-O Re8
9.d5 Nb8 10.a3 Bxd2 11.Qxd2 a5 12.Nbc3 Na6 13.d6 Qe6 14.dxc7 Qxc4 15.Bd5 Qxc7
16.Rac1 d6 17.Bg2 Nc5 18.Na4 e4 19.Rfd1 Qe7 20.Nxc5 dxc5 21.Qd6 Bg4 22.Kf1 Rac8
23.Qxe7 Rxe7 24.Rd6 Kf8 25.Nc3 Bd7 26.Ke1 Rc6 27.Rcd1 Rxd6 28.Rxd6 Bc6 29.Bh3 Re5
30.Bg2 Ke7 31.Rd2 Re6 32.Bf1 Rd6 33.Rxd6 Kxd6 34.Bc4 Ke7 35.Ke2 Ng4 36.h3 Ne5
37.Bb3 Nd3 38.Bc2 Nxb2 39.Bxe4 Bxe4 40.Nxe4 b6 41.Nc3 Kd6 42.e4 Ke5 43.Ke3 Nc4+
44.Kd3 Nxa3 45.f4+ Ke6 46.Nd5 b5 47.Nc3 b4 48.Na4 c4+ 49.Kd4 c3 50.Nc5+ Ke7
51.Kd3 f6 52.h4 h5 53.Ke3 Nc4+ 54.Kd3 Nd2 55.Kc2 Nf1 56.Kb3 Nxg3  0-1

[Event "TCh-SRB 1st League"]
[Site "Vrnjacka Banja SRB"]
[Date "2010.08.24"]
[Round "4"]
[White "Maksimovic,Br"]
[Black "Benkovic,P"]
[Result "1/2-1/2"]
[WhiteElo "2415"]
[BlackElo "2437"]

1.d4 Nf6 2.c4 e6 3.g3 Bb4+ 4.Bd2 Bxd2+ 5.Qxd2 d5 6.Bg2 O-O 7.Nf3 Qe7 8.O-O Rd8
9.Rc1 Nc6 10.Ne5 Bd7 11.Qe3 Be8 12.Nd2 a5 13.Nb3 a4 14.Nc5 Na5 15.cxd5 exd5
16.b4 axb3 17.axb3 b6 18.b4 bxc5 19.bxa5 cxd4 20.Qxd4 Bb5 21.e3 Ne4 22.Nc6 Bxc6
23.Rxc6 Ng5 24.a6 Ne6 25.Qe5 Qd7 26.Rac1 h6 27.h4 Ra7 28.Bh3 Re8 29.Qc3 Qc8
30.Bf1 Rd8 31.Rd1 Qa8 32.Bb5 Qb8 33.Be2 Qa8 34.f4 Rd7 35.Kf2 Nd8 36.Rc5 Ne6
37.Rc6 Nd8 38.Rc5 Ne6 39.Rc6  1/2-1/2

[Event "7th Open"]
[Site "Kalamaria GRE"]
[Date "2010.08.28"]
[Round "4"]
[White "Mastrovasilis,A"]
[Black "Shavtvaladze,N"]
[Result "1/2-1/2"]
[WhiteElo "2539"]
[BlackElo "2424"]

1.d4 Nf6 2.c4 e6 3.g3 Bb4+ 4.Bd2 Qe7 5.Bg2 d5 6.Nf3 Nc6 7.O-O dxc4 8.Ne5 Nxe5
9.dxe5 Nd7 10.Qa4 a5 11.a3 Bxd2 12.Nxd2 c6 13.f4 b5 14.Qc2 O-O 15.Ne4 f6
16.Rad1 fxe5 17.Ng5 g6 18.Qe4 exf4 19.Qxe6+ Qxe6 20.Nxe6 Rf6 21.Bxc6 Ra7
22.Nd4 fxg3 23.hxg3 Rxf1+ 24.Rxf1 Ne5 25.Bd5+ Kg7 26.Nxb5 Re7 27.Nd4 Bg4
28.Rf4 h5 29.Nf3 Bxf3 30.exf3 Nd3 31.Rxc4 Re1+ 32.Kg2 Re2+ 33.Kf1 Re1+ 34.Kg2 Re2+
35.Kf1 Re1+  1/2-1/2